[Event "9.th Korbach B Open"]
[Site "Korbach"]
[Date "2017.10.22"]
[Round "6.32"]
[White "Leis, Michael"]
[Black "Barchfeld, Peter"]
[Result "1/2-1/2"]
[WhiteElo "1287"]
[BlackElo "1571"]
[PlyCount "67"]
[EventDate "2017.10.19"]
[EventType "swiss"]
[EventRounds "7"]
[EventCountry "GER"]
[SourceDate "2017.10.24"]

1. e4 c5 2. Nf3 d6 3. Nc3 Nf6 4. d4 cxd4 5. Nxd4 a6 6. Bg5 e6 7. Nf3 Be7 8. Bc4
Nbd7 9. O-O b5 10. Bb3 Bb7 11. Re1 Qc7 12. Bxf6 Bxf6 13. Qd2 Bxc3 14. Qxc3 Qxc3
15. bxc3 Nc5 16. Nd2 O-O 17. f3 Rac8 18. a4 Nxa4 19. Bxa4 bxa4 20. c4 a3 21.
Rxa3 Ra8 22. Rb1 Rfb8 23. Ra5 e5 24. Rb6 Bc8 25. Rxd6 Be6 26. c5 Kf8 27. Rdxa6
Rxa6 28. Rxa6 Rb2 29. Ra8+ Ke7 30. Ra7+ Kd8 31. Ra5 Rxc2 32. Nf1 Rc1 33. Kf2
Rc2+ 34. Kg1 1/2-1/2

[Event "9.th Korbach B Open"]
[Site "Korbach"]
[Date "2017.10.22"]
[Round "6.33"]
[White "De Heij, Mees"]
[Black "Kirchner, Stefan"]
[Result "0-1"]
[WhiteElo "1343"]
[BlackElo "1550"]
[PlyCount "74"]
[EventDate "2017.10.19"]
[EventType "swiss"]
[EventRounds "7"]
[EventCountry "GER"]
[SourceDate "2017.10.24"]

1. d4 f5 2. c4 c6 3. Nc3 Nf6 4. Nf3 d6 5. Bg5 g6 6. g3 Bg7 7. Bg2 O-O 8. O-O
Qe8 9. Re1 e5 10. dxe5 dxe5 11. Bxf6 Bxf6 12. e4 f4 13. Qb3 fxg3 14. fxg3 Qf7
15. Rf1 Qe7 16. Rad1 Be6 17. Rd2 b5 18. Qd1 Bxc4 19. Rff2 a5 20. b3 Be6 21. Qf1
Qb4 22. Nb1 a4 23. Ne1 Bg7 24. Rxf8+ Bxf8 25. Nd3 Qe7 26. Kh1 axb3 27. axb3
Bxb3 28. Rf2 Bc4 29. Qd1 Ra1 30. Nb2 Ba2 31. Nd3 Rxb1 32. Nc1 Qa3 33. Rc2 Bb3
34. Rc3 Bxd1 35. Rxa3 Bxa3 36. Nd3 Be2+ 37. Bf1 Rxf1+ 0-1

[Event "9.th Korbach B Open"]
[Site "Korbach"]
[Date "2017.10.22"]
[Round "6.34"]
[White "Lehmann, Nils"]
[Black "Margraf, Dieter"]
[Result "1-0"]
[WhiteElo "1542"]
[BlackElo "1441"]
[PlyCount "97"]
[EventDate "2017.10.19"]
[EventType "swiss"]
[EventRounds "7"]
[EventCountry "GER"]
[SourceDate "2017.10.24"]

1. e4 d5 2. exd5 Nf6 3. Nc3 Nxd5 4. Nxd5 Qxd5 5. d4 Nc6 6. c3 e5 7. dxe5 Qxd1+
8. Kxd1 Nxe5 9. h3 Bd6 10. f4 Nc6 11. Nf3 Bf5 12. Be3 O-O-O 13. Ke2 Rhe8 14.
Kf2 a6 15. g3 f6 16. Bg2 h6 17. Nd4 Nxd4 18. Bxd4 c5 19. Be3 g5 20. Rad1 a5 21.
a3 b6 22. b4 Bf8 23. bxa5 bxa5 24. g4 Bc2 25. Rxd8+ Rxd8 26. Rc1 Bb3 27. Be4
Rd1 28. Rxd1 Bxd1 29. Bd2 c4 30. fxg5 fxg5 31. Bc1 Bc5+ 32. Kg3 Bd6+ 33. Kg2
Ba4 34. Bd5 Bb5 35. Kf3 Kc7 36. Ke4 Kd7 37. Kd4 Ke7 38. Bxc4 Bxc4 39. Kxc4 Ke6
40. Kd4 Be5+ 41. Kd3 Kd6 42. Be3 Kd5 43. c4+ Ke6 44. a4 Kd7 45. Ke4 Bd6 46. Kd5
Kc7 47. Bd4 Bf8 48. c5 Kd7 49. Bc3 1-0

[Event "9.th Korbach B Open"]
[Site "Korbach"]
[Date "2017.10.22"]
[Round "6.36"]
[White "Bayer, Oliver"]
[Black "Moderow, Ramon"]
[Result "1-0"]
[WhiteElo "1670"]
[BlackElo "1516"]
[PlyCount "40"]
[EventDate "2017.10.19"]
[EventType "swiss"]
[EventRounds "7"]
[EventCountry "GER"]
[SourceDate "2017.10.24"]

1. e4 e5 2. Nf3 Nc6 3. d4 exd4 4. Bc4 Nf6 5. e5 Ng4 6. Bxf7+ Kxf7 7. Ng5+ Ke8
8. Qxg4 d6 9. e6 Qe7 10. O-O h6 11. Qh5+ Kd8 12. Nf7+ Ke8 13. Nxd6+ Kd8 14.
Nf7+ Ke8 15. Nxh8+ Kd8 16. Nf7+ Ke8 17. Nxh6+ Kd8 18. Nf7+ Ke8 19. Ne5+ Kd8 20.
Nxc6+ bxc6 1-0

[Event "9.th Korbach B Open"]
[Site "Korbach"]
[Date "2017.10.22"]
[Round "6.37"]
[White "Unruh, Hartmut"]
[Black "Weltecke, Marco"]
[Result "1-0"]
[WhiteElo "1518"]
[BlackElo "1535"]
[PlyCount "141"]
[EventDate "2017.10.19"]
[EventType "swiss"]
[EventRounds "7"]
[EventCountry "GER"]
[SourceDate "2017.10.24"]

1. d4 d5 2. Bf4 Nf6 3. Nc3 e6 4. f3 Be7 5. g4 b6 6. e3 Bb7 7. h4 Ng8 8. Bg3 Nc6
9. a3 h6 10. Bd3 Qd7 11. Nb5 Bd6 12. Nxd6+ cxd6 13. Nh3 Nge7 14. Be2 O-O 15. f4
Kh8 16. Qd2 Ng8 17. g5 Nce7 18. Bg4 Rac8 19. Nf2 a5 20. Bf3 Nf5 21. Rh3 Nxg3
22. Rxg3 Rc7 23. h5 Qe7 24. Nd3 Ba6 25. Be2 Rfc8 26. c3 Bc4 27. Nf2 a4 28. Bd3
e5 29. Bxc4 exf4 30. Rf3 fxe3 31. Rxe3 Qxg5 32. Be2 Re7 33. Rxe7 Qxe7 34. O-O-O
Re8 35. Bb5 Ra8 36. Re1 Qh4 37. Qe2 Nf6 38. Qf3 Qg5+ 39. Kb1 Nxh5 40. Qg4 Qg6+
41. Qxg6 fxg6 42. Bc6 Rf8 43. Nd3 g5 44. Bxa4 Nf4 45. Rf1 h5 46. Bc6 Rf6 47.
Nxf4 gxf4 48. Bxd5 g5 49. Rh1 h4 50. Rh3 Kg7 51. Kc2 Kg6 52. Rh2 Kh5 53. Kd2 g4
54. Ke2 f3+ 55. Ke3 g3 56. Bxf3+ Rxf3+ 57. Kxf3 gxh2 58. Kg2 h3+ 59. Kxh2 Kg4
60. b4 Kf4 61. a4 Ke4 62. a5 bxa5 63. bxa5 Kd5 64. Kxh3 Kc6 65. Kg3 Kb5 66. Kf4
Kxa5 67. Ke4 Kb6 68. Kd5 Kc7 69. Ke6 Kc6 70. d5+ Kc5 71. c4 1-0

[Event "9.th Korbach B Open"]
[Site "Korbach"]
[Date "2017.10.22"]
[Round "7.2"]
[White "Koellner, Felicitas Ophelia"]
[Black "Maters, Arthur"]
[Result "0-1"]
[WhiteElo "1757"]
[BlackElo "1709"]
[PlyCount "74"]
[EventDate "2017.10.19"]
[EventType "swiss"]
[EventRounds "7"]
[EventCountry "GER"]
[SourceDate "2017.10.24"]

1. d4 f5 2. Bg5 Nf6 3. e3 e6 4. Nd2 d5 5. c4 c6 6. Be2 Bd6 7. Ngf3 O-O 8. Ne5
Nbd7 9. Ndf3 Qa5+ 10. Nd2 Nxe5 11. dxe5 Bxe5 12. Qc2 Ne4 13. Be7 Nxd2 14. Qxd2
Qxd2+ 15. Kxd2 Bxb2 16. Rab1 Re8 17. Rxb2 Rxe7 18. Rc1 Kf7 19. Rbc2 Bd7 20.
cxd5 exd5 21. Rb2 b5 22. a3 Ke6 23. h4 Kd6 24. f4 Rae8 25. Rb3 d4 26. Rd3 c5
27. Re1 Rxe3 28. Rxe3 Rxe3 29. Rb1 c4 30. Ra1 c3+ 31. Kd1 d3 32. Bf3 Bc6 33.
Bxc6 Kxc6 34. a4 b4 35. a5 b3 36. a6 d2 37. g3 Re1# 0-1

[Event "9.th Korbach B Open"]
[Site "Korbach"]
[Date "2017.10.22"]
[Round "7.3"]
[White "Ruhl, Moritz"]
[Black "Koellner, Aaron Noah"]
[Result "0-1"]
[WhiteElo "1781"]
[BlackElo "1930"]
[PlyCount "120"]
[EventDate "2017.10.19"]
[EventType "swiss"]
[EventRounds "7"]
[EventCountry "GER"]
[SourceDate "2017.10.24"]

1. d4 d6 2. Nf3 Nf6 3. e3 Bf5 4. Bd3 Bxd3 5. Qxd3 Nbd7 6. O-O c6 7. Nbd2 e5 8.
Re1 Be7 9. c4 O-O 10. b3 Re8 11. Bb2 Bf8 12. e4 a5 13. Rac1 Qc7 14. d5 Nc5 15.
Qe3 Be7 16. Ba3 Na6 17. Nb1 Rf8 18. Qd2 Ne8 19. Nc3 Rb8 20. Na4 c5 21. Nc3 b6
22. Bb2 Qd7 23. a3 Nac7 24. Na2 b5 25. Qxa5 bxc4 26. b4 Ra8 27. Qb6 Qc8 28. b5
Rb8 29. Qc6 Rxb5 30. Re2 Qb8 31. Bxe5 dxe5 32. Nxe5 Rb2 33. Nc3 Qb3 34. g3 Rxe2
35. Nxe2 Qb2 36. Nxc4 Qxe2 37. d6 Bxd6 38. Nxd6 Nxd6 39. Qxd6 Ne6 40. Qe5 h6
41. Rb1 Qd3 42. Ra1 Ng5 43. Qxc5 Qxe4 44. Rc1 Nh3+ 45. Kf1 Re8 46. Qc6 Qe2+ 47.
Kg2 Ng5 48. Rc4 Re6 49. Qc8+ Kh7 50. Rf4 Qd1 51. Rf5 Re1 52. Rxg5 hxg5 53. Qf5+
Kh6 54. h4 gxh4 55. g4 Rg1+ 56. Kh3 Rh1+ 57. Kg2 Qf1+ 58. Kf3 Rh3+ 59. Ke4 Qd3+
60. Ke5 Qxf5+ 0-1

[Event "9.th Korbach B Open"]
[Site "Korbach"]
[Date "2017.10.22"]
[Round "7.4"]
[White "Bigott, Martin"]
[Black "Fobbe, Ottmar"]
[Result "1/2-1/2"]
[WhiteElo "1787"]
[BlackElo "1846"]
[PlyCount "41"]
[EventDate "2017.10.19"]
[EventType "swiss"]
[EventRounds "7"]
[EventCountry "GER"]
[SourceDate "2017.10.24"]

1. Nf3 e6 2. c4 f5 3. b3 Nf6 4. Bb2 c6 5. d4 d5 6. e3 Bd6 7. c5 Bc7 8. b4 O-O
9. g3 Bd7 10. Bg2 Be8 11. Ne5 Nbd7 12. Nxd7 Qxd7 13. Nd2 Bh5 14. Bf3 Bxf3 15.
Nxf3 a5 16. a3 Ra7 17. O-O Rfa8 18. Ne5 Qe8 19. f3 axb4 20. axb4 Rxa1 21. Bxa1
1/2-1/2

[Event "9.th Korbach B Open"]
[Site "Korbach"]
[Date "2017.10.22"]
[Round "7.5"]
[White "Sharikow, Alexej"]
[Black "Hagner, Bennet"]
[Result "1-0"]
[WhiteElo "1903"]
[BlackElo "1594"]
[PlyCount "99"]
[EventDate "2017.10.19"]
[EventType "swiss"]
[EventRounds "7"]
[EventCountry "GER"]
[SourceDate "2017.10.24"]

1. d4 c5 2. d5 d6 3. c4 e5 4. Nc3 f5 5. e4 Nf6 6. Bd3 fxe4 7. Nxe4 Nbd7 8. Ne2
Be7 9. O-O O-O 10. N2g3 Nxe4 11. Nxe4 Rf7 12. Qh5 Nf8 13. Ng5 Bxg5 14. Bxg5 Qb6
15. b3 Bf5 16. Bxf5 Rxf5 17. Qg4 Rf7 18. f4 Re8 19. fxe5 Rxf1+ 20. Rxf1 dxe5
21. Qf5 Qc7 22. d6 Qd7 23. Be7 Qxf5 24. Rxf5 Nd7 25. Kf2 g6 26. Rf3 e4 27. Rf4
g5 28. Rf5 h6 29. Ke3 Kg7 30. Kxe4 Kg6 31. Rf2 a6 32. Kd5 Kg7 33. Ke6 Nb6 34.
d7 Nxd7 35. Kxd7 Ra8 36. Bxc5 b5 37. Bd4+ Kg6 38. c5 a5 39. c6 a4 40. b4 a3 41.
c7 h5 42. c8=Q Rxc8 43. Kxc8 h4 44. g4 hxg3 45. hxg3 g4 46. Kd7 Kg5 47. Ke6 Kg6
48. Rf6+ Kh7 49. Kf7 Kh8 50. Rh6# 1-0

[Event "9.th Korbach B Open"]
[Site "Korbach"]
[Date "2017.10.22"]
[Round "7.6"]
[White "Bakiev, Diyor"]
[Black "Lasschuit, Rene"]
[Result "0-1"]
[WhiteElo "1681"]
[BlackElo "1733"]
[PlyCount "120"]
[EventDate "2017.10.19"]
[EventType "swiss"]
[EventRounds "7"]
[EventCountry "GER"]
[SourceDate "2017.10.24"]

1. e4 c5 2. Nf3 a6 3. d4 cxd4 4. Nxd4 e5 5. Nf3 Nf6 6. Nc3 Nc6 7. Bg5 Bb4 8. a3
Bxc3+ 9. bxc3 Qa5 10. Bxf6 Qxc3+ 11. Nd2 gxf6 12. Bd3 Rg8 13. O-O d6 14. Kh1
Be6 15. Re1 Rc8 16. Nf1 Nd4 17. Ne3 Ke7 18. Qb1 Qc6 19. Nd5+ Bxd5 20. exd5 Qxd5
21. Be4 Qb5 22. Qxb5 axb5 23. Bxh7 Rh8 24. Bd3 Nxc2 25. Bxc2 Rxc2 26. Rab1 Rc5
27. h3 Ra8 28. Re3 Ke6 29. Reb3 d5 30. Rxb5 Rxb5 31. Rxb5 Rxa3 32. g4 Rxh3+ 33.
Kg2 Rc3 34. Rxb7 Rc6 35. Rb2 f5 36. f3 fxg4 37. fxg4 e4 38. Re2 f6 39. Kf2 Ke5
40. Ke1 d4 41. Rf2 Rc7 42. Ke2 Rc2+ 43. Ke1 Rxf2 44. Kxf2 Kf4 45. Kg2 Kxg4 46.
Kf2 f5 47. Ke2 f4 48. Kf2 f3 49. Ke1 e3 50. Kf1 d3 51. Ke1 Kg3 52. Kd1 f2 53.
Kc1 f1=Q+ 54. Kb2 e2 55. Kc3 e1=Q+ 56. Kd4 Qb4+ 57. Kd5 Qf5+ 58. Kc6 Qfc5+ 59.
Kd7 Qd6+ 60. Ke8 Qe7# 0-1

[Event "9.th Korbach B Open"]
[Site "Korbach"]
[Date "2017.10.22"]
[Round "7.7"]
[White "Pohle, Saskia"]
[Black "Schloemer, Andreas"]
[Result "0-1"]
[WhiteElo "1376"]
[BlackElo "1704"]
[PlyCount "56"]
[EventDate "2017.10.19"]
[EventType "swiss"]
[EventRounds "7"]
[EventCountry "GER"]
[SourceDate "2017.10.24"]

1. e4 c5 2. Nf3 d6 3. Bb5+ Bd7 4. Bxd7+ Qxd7 5. O-O Nf6 6. Re1 Nc6 7. Nc3 g6 8.
d3 Bg7 9. Bf4 O-O 10. Qd2 Rfe8 11. Bh6 e5 12. Bxg7 Kxg7 13. Rad1 a6 14. a3 b5
15. h3 Rab8 16. Na2 Qe7 17. c4 b4 18. Rb1 a5 19. a4 Nh5 20. Nc1 Nf4 21. Ne2
Nxe2+ 22. Qxe2 Nd8 23. b3 Ne6 24. g3 Rf8 25. Kg2 f5 26. exf5 Rxf5 27. Qe4 Rbf8
28. Rb2 Rxf3 0-1

[Event "9.th Korbach B Open"]
[Site "Korbach"]
[Date "2017.10.22"]
[Round "7.8"]
[White "Ruhl, Marcel"]
[Black "Van Heeren, Arie"]
[Result "1/2-1/2"]
[WhiteElo "1555"]
[BlackElo "1701"]
[PlyCount "99"]
[EventDate "2017.10.19"]
[EventType "swiss"]
[EventRounds "7"]
[EventCountry "GER"]
[SourceDate "2017.10.24"]

1. d4 Nf6 2. c4 g6 3. Nc3 Bg7 4. Nf3 d6 5. e4 O-O 6. h3 c6 7. Be3 Qc7 8. Bd3 e5
9. d5 cxd5 10. Nxd5 Nxd5 11. cxd5 f5 12. O-O fxe4 13. Bxe4 Nd7 14. Rc1 Qd8 15.
Qb3 Nf6 16. Bb1 Ne8 17. Qc3 Bxh3 18. Ng5 Bd7 19. Qb4 b6 20. Ne6 Bxe6 21. dxe6
Qe7 22. Rfd1 Qxe6 23. Be4 Nf6 24. Bxa8 Rxa8 25. Rxd6 Qxa2 26. Qb5 Rf8 27. b3
Kh8 28. Rd2 Qa3 29. Rdc2 Qd6 30. Rc6 Qd7 31. Qa6 Nd5 32. Bd2 Qf5 33. Qf1 e4 34.
Qe2 Bd4 35. Rf1 Be5 36. Rc4 Nf6 37. Bc3 b5 38. Rc5 Bh2+ 39. Kxh2 Qxc5 40. Qb2
Kg7 41. Rc1 Qf5 42. Bd4 {Remisangebot} Kg8 43. Rc5 Qf4+ 44. Kg1 Ng4 45. g3 Qf3
46. Rc7 Nf6 47. Rxa7 Qd1+ 48. Kg2 Qf3+ 49. Kg1 Qd1+ 50. Kg2 1/2-1/2

[Event "9.th Korbach B Open"]
[Site "Korbach"]
[Date "2017.10.22"]
[Round "7.10"]
[White "Schulz, Daniel"]
[Black "Haack, Kevin"]
[Result "0-1"]
[WhiteElo "1537"]
[BlackElo "1655"]
[PlyCount "106"]
[EventDate "2017.10.19"]
[EventType "swiss"]
[EventRounds "7"]
[EventCountry "GER"]
[SourceDate "2017.10.24"]

1. d4 d5 2. c4 e6 3. Nc3 Nf6 4. Bg5 Nbd7 5. Nf3 c6 6. e3 Be7 7. Bd3 h6 8. Bxf6
Nxf6 9. O-O O-O 10. c5 b6 11. b4 bxc5 12. bxc5 Qa5 13. Qb3 Ba6 14. Bxa6 Qxa6
15. Rab1 Rfb8 16. Qc2 Qc8 17. Rxb8 Rxb8 18. Rb1 Nd7 19. h3 a5 20. Rxb8 Qxb8 21.
Na4 Qb4 22. Qb3 Qxb3 23. axb3 Bd8 24. Nd2 e5 25. f4 exd4 26. exd4 Bf6 27. Nf3
Nf8 28. Kf2 Ne6 29. Ke3 Be7 30. Nb6 f6 31. f5 Nxc5 32. Nxd5 cxd5 33. dxc5 Bxc5+
34. Kd3 Kf7 35. Nd4 g6 36. g4 g5 37. Nc6 Bb6 38. Nd4 Ke7 39. Ne6 Kd6 40. Kc3
Ke5 41. Kd3 d4 42. Ng7 Kd5 43. Ne6 {Remisangebot} Ba7 44. Nc7+ Kc5 45. Ne6+ Kb4
46. Nxd4 Bxd4 47. Kxd4 Kxb3 48. Kd5 a4 49. Ke6 a3 50. Kxf6 a2 51. Kg6 a1=Q 52.
f6 Qe5 53. f7 Qh8 0-1

[Event "9.th Korbach B Open"]
[Site "Korbach"]
[Date "2017.10.22"]
[Round "7.11"]
[White "Werner, Tom"]
[Black "Hofmann, Niclas"]
[Result "1/2-1/2"]
[WhiteElo "1554"]
[BlackElo "1534"]
[PlyCount "75"]
[EventDate "2017.10.19"]
[EventType "swiss"]
[EventRounds "7"]
[EventCountry "GER"]
[SourceDate "2017.10.24"]

1. c4 e5 2. g3 Nc6 3. Bg2 Bc5 4. Nc3 Nf6 5. Nf3 d6 6. O-O Be6 7. d3 h6 8. a3 a6
9. b4 Ba7 10. Bb2 O-O 11. e3 Qd7 12. Nd2 Bh3 13. Nde4 Nxe4 14. Nxe4 Bxg2 15.
Kxg2 f5 16. Nc3 f4 17. exf4 exf4 18. f3 Bd4 19. Rb1 Rae8 20. Nd5 Bxb2 21. Rxb2
fxg3 22. hxg3 Nd4 23. f4 c6 24. Nc3 Nf5 25. Kh2 Ne3 26. Qf3 Nxf1+ 27. Qxf1 Qg4
28. Re2 Rxe2+ 29. Qxe2 Qxe2+ 30. Nxe2 Re8 31. Nc1 Re1 32. Nb3 Rd1 33. d4 b6 34.
c5 dxc5 35. dxc5 bxc5 36. Nxc5 Ra1 37. a4 Kf7 38. a5 1/2-1/2

[Event "9.th Korbach B Open"]
[Site "Korbach"]
[Date "2017.10.22"]
[Round "7.13"]
[White "Moderow, Manuel"]
[Black "Pabst, Olaf"]
[Result "1/2-1/2"]
[WhiteElo "1210"]
[BlackElo "1603"]
[PlyCount "69"]
[EventDate "2017.10.19"]
[EventType "swiss"]
[EventRounds "7"]
[EventCountry "GER"]
[SourceDate "2017.10.24"]

1. e4 d5 2. exd5 Nf6 3. Nf3 Bg4 4. Bc4 Nxd5 5. O-O e6 6. Bxd5 Qxd5 7. Nc3 Qf5
8. d4 Bd6 9. Re1 O-O 10. Ne4 Bxf3 11. Qxf3 Qxf3 12. gxf3 Nd7 13. Nxd6 cxd6 14.
Bf4 d5 15. Bg3 Rac8 16. c3 Nb6 17. Re2 h6 18. f4 Rc6 19. Rc1 f5 20. Rce1 Kf7
21. f3 Re8 22. Bf2 Nc4 23. Be3 Ra6 24. a3 Na5 25. Bc1 Rc6 26. Kf2 Nb3 27. Ke3
b5 28. Rg2 a5 29. Kd3 a4 30. Reg1 Rg8 31. h4 h5 32. Rg5 g6 33. Bd2 Rc7 34. Ke3
Rc6 35. Kd3 1/2-1/2

[Event "9.th Korbach B Open"]
[Site "Korbach"]
[Date "2017.10.22"]
[Round "7.14"]
[White "Bahr, Arne"]
[Black "Schmechtig, Lucas"]
[Result "1/2-1/2"]
[WhiteElo "1696"]
[BlackElo "1453"]
[PlyCount "80"]
[EventDate "2017.10.19"]
[EventType "swiss"]
[EventRounds "7"]
[EventCountry "GER"]
[SourceDate "2017.10.24"]

1. f4 d5 2. b3 Nf6 3. e3 g6 4. Bb2 Bg7 5. Nf3 O-O 6. Be2 c5 7. Ne5 Qc7 8. Nc3
Nc6 9. Nxc6 Qxc6 10. Bf3 e6 11. O-O Rd8 12. Qe1 Ne8 13. Nd1 Rb8 14. Be5 Nc7 15.
Bxg7 Kxg7 16. Qh4 Rh8 17. Nf2 h5 18. e4 Qd7 19. e5 Qd8 20. Qxd8 Rxd8 21. g4
hxg4 22. Nxg4 Bd7 23. Kf2 Rh8 24. Rh1 Rh4 25. Kg3 Rbh8 26. c4 Bc6 27. Nf6 Rh3+
28. Kg2 R3h4 29. Kg3 Rh3+ 30. Kg2 R3h4 31. cxd5 Nxd5 32. Nxd5 Bxd5 33. Bxd5
exd5 34. Raf1 b6 35. h3 Kf8 36. Kg3 Ke7 37. Rf3 Ke6 38. Kf2 Kf5 39. Kg3 d4 40.
d3 Ke6 1/2-1/2

[Event "9.th Korbach B Open"]
[Site "Korbach"]
[Date "2017.10.22"]
[Round "7.15"]
[White "Bayer, Melissa"]
[Black "Wachsmann, Elmar"]
[Result "0-1"]
[WhiteElo "1523"]
[BlackElo "1663"]
[PlyCount "170"]
[EventDate "2017.10.19"]
[EventType "swiss"]
[EventRounds "7"]
[EventCountry "GER"]
[SourceDate "2017.10.24"]

1. e4 e5 2. Nf3 Nc6 3. Bb5 a6 4. Ba4 Nf6 5. O-O Be7 6. Bxc6 dxc6 7. Re1 Bg4 8.
d3 Qd7 9. Nbd2 O-O-O 10. Nf1 h5 11. h3 Bxf3 12. Qxf3 Rdg8 13. Qf5 Qxf5 14. exf5
Bd6 15. Nd2 g5 16. Nc4 Nd7 17. b3 f6 18. f3 g4 19. hxg4 hxg4 20. fxg4 Rxg4 21.
Kf2 Rhg8 22. Rg1 e4 23. Nxd6+ cxd6 24. dxe4 Nc5 25. Be3 Nxe4+ 26. Kf3 d5 27.
Bf4 Ng3 28. Bxg3 Rxg3+ 29. Kf2 R3g5 30. Raf1 Rxf5+ 31. Ke2 Re5+ 32. Kd2 f5 33.
g3 Kd7 34. Rf3 Ke6 35. Kd3 Re4 36. Rgf1 Rg5 37. c3 {Remisangebot} Reg4 38. Re1+
Kd6 39. Ree3 Rh5 40. Rf2 Rgg5 41. Rf4 Rh3 42. Rff3 Rh1 43. Rf2 a5 44. c4 {
Remisangebot} a4 45. Kc3 Rg1 46. Rff3 Rg2 47. a3 axb3 48. Kxb3 d4 49. Rd3 Ke5
50. a4 Ke4 51. Ka3 Re2 52. Rb3 Rg7 53. Rf4+ Ke5 54. Rff3 c5 55. a5 Rf7 56. Ka4
{Remisangebot} f4 57. Kb5 Ke4 58. gxf4 Re3 59. Rfxe3+ dxe3 60. Kxc5 e2 61. Rb1
Rxf4 62. Rxb7 Kd3 63. Rb3+ Ke4 64. Rb7 Rf5+ 65. Kd6 Re5 66. Rb1 Rf5 67. c5 Rf1
68. Rb8 Rd1+ 69. Kc6 Rd5 70. Rb4+ Ke5 71. Rb8 Kd4 72. Rb4+ Ke5 73. Rb8 Kf6 74.
Re8 Re5 75. Rf8+ Kg7 76. a6 Kxf8 77. a7 Re8 78. Kb7 e1=Q 79. c6 Qa5 80. a8=Q
Qxa8+ 81. Kb6 Rc8 82. c7 Ke7 83. Kb5 Rxc7 84. Kb6 Qb8+ 85. Ka6 Ra7# 0-1

[Event "9.th Korbach B Open"]
[Site "Korbach"]
[Date "2017.10.22"]
[Round "7.16"]
[White "Spinnler, Wolfgang"]
[Black "Dresen, Dietmar"]
[Result "1/2-1/2"]
[WhiteElo "1591"]
[BlackElo "1654"]
[PlyCount "40"]
[EventDate "2017.10.19"]
[EventType "swiss"]
[EventRounds "7"]
[EventCountry "GER"]
[SourceDate "2017.10.24"]

1. Nf3 e6 2. c4 d5 3. b3 Nf6 4. Bb2 Nbd7 5. g3 g6 6. Bg2 Bg7 7. O-O O-O 8. d3
c5 9. cxd5 exd5 10. Nbd2 Nb6 11. Qc2 Nfd7 12. Bxg7 Kxg7 13. Qb2+ Qf6 14. Qxf6+
Nxf6 15. Rac1 Nbd7 16. e3 Rb8 17. d4 b6 18. Bh3 Re8 19. dxc5 Nxc5 20. Bxc8
Rbxc8 1/2-1/2

[Event "9.th Korbach B Open"]
[Site "Korbach"]
[Date "2017.10.22"]
[Round "7.17"]
[White "Stork, Christopher"]
[Black "Fromm, Nick"]
[Result "1/2-1/2"]
[WhiteElo "1652"]
[BlackElo "1443"]
[PlyCount "44"]
[EventDate "2017.10.19"]
[EventType "swiss"]
[EventRounds "7"]
[EventCountry "GER"]
[SourceDate "2017.10.24"]

1. e4 e6 2. d4 d5 3. Nc3 Bb4 4. Bd3 dxe4 5. Bxe4 Nf6 6. Bf3 Nd5 7. Nge2 Nc6 8.
O-O Nxc3 9. bxc3 Bd6 10. Rb1 O-O 11. Be3 Qd7 12. Qd2 Rb8 13. Bf4 Re8 14. Rfd1
Bxf4 15. Nxf4 Ne7 16. Nd3 c6 17. Ne5 Qc7 18. Bh5 g6 19. Bf3 Kg7 20. h4 f6 21.
Nd3 Nf5 22. h5 g5 1/2-1/2

[Event "9.th Korbach B Open"]
[Site "Korbach"]
[Date "2017.10.22"]
[Round "7.18"]
[White "Beisinghoff, Rudolf"]
[Black "Werner, Rosalie"]
[Result "0-1"]
[WhiteElo "1648"]
[BlackElo "1404"]
[PlyCount "88"]
[EventDate "2017.10.19"]
[EventType "swiss"]
[EventRounds "7"]
[EventCountry "GER"]
[SourceDate "2017.10.24"]

1. e4 e6 2. d4 d5 3. Nc3 Nf6 4. e5 Nfd7 5. f4 a6 6. Nf3 c5 7. Be2 Nc6 8. a3 b5
9. dxc5 Bxc5 10. b4 Ba7 11. Bb2 Bb7 12. Bd3 Qc7 13. Qe2 h6 14. f5 Ndxe5 15.
O-O-O O-O-O 16. Nxb5 Nxd3+ 17. Rxd3 axb5 18. Rc3 d4 19. Rb3 Qf4+ 20. Kb1 Qxf5
21. g4 Qd5 22. Rc1 Qc4 23. Rd3 Rhe8 24. Ne5 Nxe5 25. Qxe5 Bd5 26. Rb3 f6 27.
Qe1 Kb8 28. a4 Qc6 29. Ra3 bxa4 30. c3 Be4+ 31. Ka1 d3 32. b5 Qc4 33. Rd1 e5
34. Rd2 Bf3 35. Bc1 Bc5 36. Raa2 Qxc3+ 37. Bb2 Qc4 38. h3 Bb4 39. Qe3 Bxd2 40.
Qb6+ Bb7 41. Qf2 Bc3 42. Ra3 Bxb2+ 43. Kxb2 d2 44. Rc3 d1=N+ 0-1

[Event "9.th Korbach B Open"]
[Site "Korbach"]
[Date "2017.10.22"]
[Round "7.23"]
[White "Lorch, Alexander"]
[Black "Lehmann, Nils"]
[Result "1/2-1/2"]
[WhiteElo "1636"]
[BlackElo "1542"]
[PlyCount "98"]
[EventDate "2017.10.19"]
[EventType "swiss"]
[EventRounds "7"]
[EventCountry "GER"]
[SourceDate "2017.10.24"]

1. d4 d5 2. Nf3 Nf6 3. g3 Bf5 4. Bg2 e6 5. O-O Bd6 6. b3 Nbd7 7. Bb2 h5 8. Nbd2
O-O 9. c4 c6 10. Rc1 Rc8 11. Ne5 Be7 12. Ndf3 Ne4 13. e3 Bg4 14. Nxd7 Qxd7 15.
Ne5 Bxd1 16. Nxd7 Rfd8 17. Rfxd1 Rxd7 18. cxd5 exd5 19. Bh3 Rcd8 20. Bxd7 Rxd7
21. f3 Ng5 22. Kg2 Rd6 23. Ba3 Re6 24. Bxe7 Rxe7 25. Re1 Ne6 26. b4 Nc7 27. a4
a6 28. Kf2 Na8 29. a5 Nc7 30. Rc2 Ne8 31. e4 Nf6 32. e5 Nh7 33. f4 Nf8 34. Rd2
g6 35. h3 Re8 36. Kf3 Ne6 37. h4 Ng7 38. Ree2 Kh7 {Remisangebot} 39. g4 Kg8 40.
gxh5 Nxh5 41. Kg4 Ng7 42. Rh2 Nf5 43. Kf3 Kg7 44. h5 Rh8 45. Rd3 Rxh5 46. Rxh5
gxh5 47. Kg2 Kh6 48. Kh3 Kg6 {Remisangebot} 49. Rd2 Kh7 1/2-1/2

[Event "9.th Korbach B Open"]
[Site "Korbach"]
[Date "2017.10.22"]
[Round "7.24"]
[White "Kirchner, Stefan"]
[Black "Engel, Markus"]
[Result "0-1"]
[WhiteElo "1550"]
[BlackElo "1461"]
[PlyCount "92"]
[EventDate "2017.10.19"]
[EventType "swiss"]
[EventRounds "7"]
[EventCountry "GER"]
[SourceDate "2017.10.24"]

1. e4 d5 2. exd5 Qxd5 3. Nc3 Qa5 4. d4 c6 5. Nf3 Nf6 6. Ne5 Nbd7 7. Nc4 Qc7 8.
g3 Nd5 9. Bd2 e6 10. Nxd5 cxd5 11. Bf4 Qc6 12. Nd2 Nf6 13. Bg2 Bd6 14. Be3 b5
15. O-O Bb7 16. Rc1 Qd7 17. Nb3 Rc8 18. Nd2 O-O 19. Bg5 Be7 20. Nf3 h6 21. Ne5
Qd8 22. Be3 Bd6 23. f4 Bxe5 24. fxe5 Nh7 25. c3 f6 26. Bf4 fxe5 27. Bxe5 Rxf1+
28. Qxf1 Qg5 29. Bf4 Qe7 30. Re1 Bc6 31. Qe2 Re8 32. h4 Nf6 33. Bh3 Bd7 {
Remisangebot} 34. Bf5 Qf7 35. Bh3 Ne4 36. Qg4 Nf6 37. Qe2 Ne4 38. Be5 Qg6 39.
Kh2 Rf8 40. Rf1 Rxf1 41. Qxf1 h5 42. Qd3 a6 43. b3 Qf7 44. Bf4 Nf2 45. Qe2 Nxh3
46. Be5 Qf2+ 0-1

[Event "9.th Korbach B Open"]
[Site "Korbach"]
[Date "2017.10.22"]
[Round "7.26"]
[White "Niemeyer, Norbert"]
[Black "Leis, Michael"]
[Result "1-0"]
[WhiteElo "1678"]
[BlackElo "1287"]
[PlyCount "25"]
[EventDate "2017.10.19"]
[EventType "swiss"]
[EventRounds "7"]
[EventCountry "GER"]
[SourceDate "2017.10.24"]

1. e4 e5 2. d4 exd4 3. c3 dxc3 4. Nf3 d6 5. Nxc3 Nc6 6. Bb5 Nge7 7. Bg5 Bd7 8.
O-O a6 9. Ba4 b5 10. Bc2 Ne5 11. Nd4 g6 12. Nd5 c6 13. Nf6# 1-0